000 03834nam a2200433Ka 4500
001 bslw06343514
003 UtOrBLW
005 20210303085419.0
006 m d
007 cr un|||||||||
008 101115s2002 enk o 000 0 eng d
020 _a9781849501903 (electronic bk.) :
_c£63.50 ; €95.00 ; $95.00
040 _aUtOrBLW
_cUtOrBLW
050 4 _aHV6432.7
_b.C66 2002
072 7 _aJPA
_2bicssc
072 7 _aJPS
_2bicssc
072 7 _aMED000000
_2bisacsh
072 7 _aBUS069000
_2bisacsh
080 _a341.4
082 0 4 _a973.931
_222
245 0 0 _aConfronting 9-11, ideologies of race, and eminent economists
_h[electronic resource] /
_cedited by Paul Zarembka.
260 _aBingley, U.K. :
_bEmerald,
_c2002.
300 _a1 online resource (xii, 317 p.).
490 1 _aResearch in political economy,
_x0161-7230 ;
_vv. 20
505 0 _aForeword / Paul Zarembka -- Estimating gross domestic product with surplus value / Victor Kasper -- Collective and individual rationality : Maynard Keynes' methodological standpoint and policy prescription / Andy Denis -- On the art of innuendo : J. M. Keynes' plagiarism of Silvio Gesell's monetary economics / Guido G. Preparata -- A political economy critique of the ricardian comparative advantage theory / Turan Subasat -- The market as disciplinary order : A comparative analysis of Hayek and Bentham / Massimo De Angelis ( -- The deep politics of September 11 : Political economy of concrete evil / David MacGregor -- U.S. Wars in the light of the international drug trade / Peter Dale Scott -- Ideologies of race and racism / Babacar Camara.
520 _aThe first chapter draws upon a Hegelian-Marxist concept of concrete evil, connecting malevolence to ruling elites, while additionally addressing sub-surface political forces. It is followed by deep political analysis of drugs, in addition to oil, as controlling factors of US wars. Both chapters focus around Afghanistan. Commonalties of race ideologies in capitalist contexts are next examined by connecting it to capitalist societies' goals and strategies. Haiti and South Africa are case studies. Estimates for US value and surplus value are undertaken and related to GDP. Implications are drawn for the distribution of value, use value and social labor. The model permits simulation and sensitivity analysis, with links provided to a careful implementation. Four chapters deal critically with writings of major economists. The first shows that Keynes, while rejecting invisible hand mechanisms, assigned to the educated bourgeoisie the role of overcoming the pathologies of capitalism. The second investigates evidence of plagiarism in Keynes, showing that he appropriated Gesell's insights into the nature of money and interest but in a manner to help preserve capitalism. Moving to overcome limited attention by Marxists to Ricardo's comparative advantage theory, the next chapter assesses the work of Shaikh and Hudson, concluding consistent with the overriding role of exploitation in production. The final chapter compares Bentham's panopticon (an institution of confinement, surveillance and extraction of labor) to Hayek's market order conceptualization, and shows that both are disciplinary regimes.
588 0 _aPrint version record
650 7 _aMedical
_xGeneral.
_2bisacsh
650 7 _aBusiness & Economics
_xEconomics
_xGeneral.
_2bisacsh
650 7 _aPolitical science & theory.
_2bicssc
650 7 _aInternational relations.
_2bicssc
650 0 _aSeptember 11 Terrorist Attacks, 2001
_xEconomic aspects.
650 0 _aEconomics.
700 1 _aZarembka, Paul.
776 1 _z9780762309849
830 0 _aResearch in political economy ;
_vv. 20.
856 4 0 _uhttps://www.emerald.com/insight/publication/doi/10.1016/S0161-7230(2002)20
913 _1BMEbacklist
999 _c32059
_d32059